Fonologi dialek Melayu Kuching [Sarawak] /
Saved in:
| 主要作者: | |
|---|---|
| 格式: | 圖書 |
| 語言: | Malay |
| 出版: |
Kuala Lumpur :
Dewan Bahasa dan Pustaka,
1988.
|
| 主題: | |
| 標簽: |
添加標簽
沒有標簽, 成為第一個標記此記錄!
|
| LEADER | 02015cam a2200409 4500 | ||
|---|---|---|---|
| 001 | u78706 | ||
| 003 | SIRSI | ||
| 008 | 891116s1988 my ab q00 1 may m | ||
| 020 | |a 9836202676 | ||
| 035 | |a AAI-5695 | ||
| 040 | |a UMM | ||
| 043 | |a a-my--- |a a-my-sr | ||
| 090 | |a PL5094 |b S3Madj | ||
| 093 | |a PL5094 |b S3Madj | ||
| 100 | 0 | 0 | |a Madzhi Johari, |d 1943- |
| 245 | 1 | 0 | |a Fonologi dialek Melayu Kuching [Sarawak] / |c Madzni Johari |
| 260 | |a Kuala Lumpur : |b Dewan Bahasa dan Pustaka, |c 1988. | ||
| 300 | |a vii, 130 p. : |b ill. ; |c 22 cm. | ||
| 350 | |a RM$12.00 | ||
| 500 | |a PPZ. | ||
| 504 | |a Bibliography : p.129-130 | ||
| 650 | 0 | |a Malay language |x Dialects |z Sarawak | |
| 650 | 0 | |a Malay language |x Phonology | |
| 651 | 0 | |a Sarawak |x Languages | |
| 948 | |a 17/03/1991 |b 10/07/1997 | ||
| 597 | |a 3:TERHAD PL5094 S3MADJ KOLEKSI PROF ASMAH OMAR | ||
| 596 | |a 1 3 6 23 27 | ||
| 999 | |a PL5094 S3MADJ |w LC |c 1 |i A505500603 |d 12/12/2019 |e 12/11/2019 |l STACKS |m P01UTAMA |n 78 |r Y |s Y |t BUKU |u 10/10/1992 | ||
| 999 | |a PL5094 S3MADJ |w LC |c 2 |i A507568921 |d 20/12/2019 |e 7/12/2019 |l STACKS |m P01UTAMA |n 66 |r Y |s Y |t BUKU |u 4/8/1993 | ||
| 999 | |a PL5094 S3MADJ |w LC |c 3 |i A508711559 |d 12/12/2019 |e 12/11/2019 |l STACKS |m P01UTAMA |n 58 |p $12.00 |r Y |s Y |t BUKU |u 26/4/1999 | ||
| 999 | |a PL5094 S3MADJ |w LC |c 4 |i A508711960 |d 17/11/2019 |e 29/10/2019 |l STACKS |m P01UTAMA |n 88 |p $12.00 |r Y |s Y |t BUKU |u 26/4/1999 | ||
| 999 | |a PL5094 S3MADJ |w LC |c 5 |i A508712129 |d 21/6/2022 |e 23/5/2022 |l STACKS |m P01UTAMA |n 45 |p $12.00 |q 1 |r Y |s Y |t BUKU |u 26/4/1999 |o .CIRCNOTE. | ||
| 999 | |a PL5094 S3MADJ KOLEKSI PROF ASMAH |w LC |c 1 |i A503717580 |l STACKS |m P06BAHASA |p $12.00 |r Y |s Y |t TESIS |u 20/4/2000 | ||
| 999 | |a PL5094 S3MADJ |w LC |c 1 |i A010619860 |d 24/1/2002 |l STACKS |m P03PPZ |n 5 |r Y |s Y |t REF-BOOK |u 19/4/1994 | ||
| 999 | |a PL5094 S3MADJ |w LC |c 1 |i A512713914 |d 21/8/2007 |e 21/8/2007 |f 11/7/2006 |g 1 |l STACKS |m P23MELAYU |n 1 |r Y |s Y |t BUKU |u 10/7/2006 | ||
| 999 | |a PL5094 S3MADJ |w LC |c 1 |i A011150300 |l STACKS |m P27BACHOK |r Y |s Y |t BUKU |u 12/12/1994 | ||
| 999 | |a PL5094 S3MADJ |w LC |c 2 |i A504826111 |l STACKS |m P27BACHOK |r Y |s Y |t BUKU |u 17/1/1995 | ||
